Największe miasto w obszarze konstrukcyjnym PKP - Statystyki

Ogólne statystyki
  • Ten quiz został rozwiązany 35 razy
  • Średni wynik to 5 z 8
Statystyki odpowiedzi
Numer obszaru Miasto % Poprawnych
1 Warszawa
100%
3 Kraków
65%
2 Lublin
61%
4 Katowice
58%
8 Szczecin
58%
6 Wrocław
58%
5 Gdańsk
55%
7 Poznań
55%
Nie znaleziono quizów pasujących do podanych kryteriów
Rozkład punktacji
Procent ludzi z każdym wynikiem
Percentyl według liczby udzielonych odpowiedzi
Twoja historia wyników
Nie rozwiązałeś tego quizu